| 000 | 00335nam a22001457a 4500 | ||
|---|---|---|---|
| 003 | SGT | ||
| 020 | _a9781543-342724 | ||
| 082 |
_a610.01 _bR18B |
||
| 100 | _aBAIS,VINOD KUMAR | ||
| 245 | _aRESEARCH METHODOLOGY AND BIOSTATISTICS | ||
| 260 |
_aJALANDHAR _bS. VIKASH _c2018 |
||
| 300 | _a264 | ||
| 650 | _aPHARMACY | ||
| 942 |
_2ddc _cBK _034 |
||
| 999 |
_c17355 _d17355 |
||